Η φυσική κληρονομιά της Ελλάδας

Saved in:
Bibliographic Details
Main Author: Κατσαδωράκης, Γιώργος
Format: Book
Language:Greek
Published: Αθήνα : Παγκόσμιο Ταμείο για τη Φύση - WWF Ελλάς, 1999
Subjects:
Tags: Add Tag
No Tags, Be the first to tag this record!

MARC

LEADER 00000cam a2200000 i 4500
001 1/49758
008 040302s1999 gre d
020 |a 960-85-918-2-1 
035 |l 10072467 
040 |a GR-MY-UA  |b gre  |e aacr 
041 0 |a gre 
082 0 |a 577.09495 
100 1 |a Κατσαδωράκης, Γιώργος. 
245 1 2 |a Η φυσική κληρονομιά της Ελλάδας /  |c Γιώργος Κατσαδωράκης 
260 |a Αθήνα :   |b Παγκόσμιο Ταμείο για τη Φύση - WWF Ελλάς,   |c 1999 
300 |a 225 σ.;  |b εικ.;  |c 23x25 εκ. 
504 |a Περιέχει βιβλιογραφία και ευρετήριο 
650 0 |a Natural history  |z Greece. 
650 0 0 |a National parks and reserves  |z Greece. 
650 0 0 |a Wilderness areas  |z Greece. 
852 |a INST  |b LESVOS  |e 20040302  |h 577.09495 ΚΑΤ  |p 005100030881  |q 005100030881  |t BK  |y 0 
901 |a BIBL1-2004-1 
909 |a Λ  |b 108019 
920 |a ΕΠΕΑΕΚ ΠΟΛΙΤΙΣΜΙΚΗΣ ΤΕΧΝΟΛΟΓΙΑΣ ΚΑΙ ΕΠΙΚΟΙΝΩΝΙΑΣ  |y ΛΕΣΒΟΣ  |z 2004-02 
970 |a ΤΖΑΦΕΡΗ  |b ΕΥΑΓΓΕΛΙΑ  |z 2004/03/02